UCSC Library OPAC

Queueing networks with discrete time scale :Explicit Expressions for the Steady State Behavior of Discrete Time Stochastic Networksr or the clecture notes in computer science (Record no. 27446)

MARC details
000 -LEADER
fixed length control field 00586nam a2200193Ia 4500
008 - FIXED-LENGTH DATA ELEMENTS--GENERAL INFORMATION
fixed length control field 240510s9999 xx 000 0 und d
020 ## - INTERNATIONAL STANDARD BOOK NUMBER
International Standard Book Number 0003540423575
041 ## - LANGUAGE CODE
Language code of text/sound track or separate title English
082 ## - DEWEY DECIMAL CLASSIFICATION NUMBER
Classification number 004.6
082 ## - DEWEY DECIMAL CLASSIFICATION NUMBER
Cutter number Q82
100 ## - MAIN ENTRY--PERSONAL NAME
Personal name Daduna, H
245 #0 - TITLE STATEMENT
Title Queueing networks with discrete time scale :Explicit Expressions for the Steady State Behavior of Discrete Time Stochastic Networksr or the clecture notes in computer science
260 ## - PUBLICATION, DISTRIBUTION, ETC.
Name of publisher, distributor, etc. Springer: Tokyo
260 ## - PUBLICATION, DISTRIBUTION, ETC.
Date of publication, distribution, etc. 2001
300 ## - PHYSICAL DESCRIPTION
Extent (Pages) 138 p.
650 ## - SUBJECT ADDED ENTRY--TOPICAL TERM
Topical term or geographic name entry element networks : data communication :
942 ## - ADDED ENTRY ELEMENTS (KOHA)
Source of classification or shelving scheme Dewey Decimal Classification
942 ## - ADDED ENTRY ELEMENTS (KOHA)
Koha item type Lending Book
945 ## - LOCAL PROCESSING INFORMATION (OCLC)
creator borrowernumber 1
creator name Madushi Gamage
modifier borrowernumber 1
modifier name Madushi Gamage
Holdings
Withdrawn status Lost status Source of classification or shelving scheme Damaged status Not for loan Collection code Home library Current library Shelving location Date acquired Inventory number Total Checkouts Full call number Barcode Date last seen Price effective from Koha item type
    Dewey Decimal Classification     Lending Collection UCSC Library UCSC Library Lending Section 24/07/2002 3669   004.6 Q82 A13669 27/06/2024 27/06/2024 Lending Book